La función legislativa en la reforma constitucional / Expositor José Darío Suárez Martínez y Pelegrín Castillo (Comentarista) (Registro nro. 4865)

Detalles MARC
000 -LEADER
fixed length control field 00535nam a22001691a 4500
001 - CONTROL NUMBER
control field 4865
003 - CONTROL NUMBER IDENTIFIER
control field OSt
005 - DATE AND TIME OF LATEST TRANSACTION
control field 20260204211950.0
008 - FIXED-LENGTH DATA ELEMENTS--GENERAL INFORMATION
fixed length control field 050919s1999||||dr ||||||b||||||||||spa||
020 ## - NUMERO DE LIBRO INTERNACIONAL NORMALIZADO
International Standard Book Number 9993422037
050 ## - LIBRARY OF CONGRESS CALL NUMBER
Classification number RD 342.03 F963l
245 ## - TÍTULO PROPIAMENTE DICHO: SUBTÍTULO
Title La función legislativa en la reforma constitucional / Expositor José Darío Suárez Martínez y Pelegrín Castillo (Comentarista)
264 ## - PRODUCTION, PUBLICATION, DISTRIBUTION, MANUFACTURE, AND COPYRIGHT NOTICE
Place of production, publication, distribution, manufacture Santo Domingo : Nuevo Diario
300 ## - PHYSICAL DESCRIPTION
Extensión 133 p
650 ## - ASIENTO SECUNDARIO DE MATERIA -- TERMINO TEMÁTICO
Termino Temático Como Elemento de Entrada 1.Reforma Constitucional 2.Derecho ConstitucionalÌ
942 ## - ADDED ENTRY ELEMENTS (KOHA)
Source of classification or shelving scheme Dewey Decimal Classification
Koha item type Libros
Existencias
Withdrawn status Lost status Source of classification or shelving scheme Damaged status Not for loan Current library Date acquired Total Checkouts Full call number Barcode Date last seen Price effective from Koha item type
    Dewey Decimal Classification     Biblioteca UTECO 09/09/2019   RD 342.03 F963L 009400 09/09/2019 09/09/2019 Libros
© 2021 Derechos Reservados UTECO - Teléfono: +1 809-585-2291 - Correo electrónico: biblioteca@uteco.edu.do​  
Código postal 43000 ​​
Dirección: Avenida Universitaria No. 100, 
Cotuí, Provincia Sánchez Ramírez, República Dominicana - RNC: 404-00059-6